Air New Zealand Routes - Statistics

General Stats
  • This quiz has been taken 30 times
  • The average score is 33 of 48
Answers on the Map
Answers color-coded by a green-red scale on the quiz's map according to % correct below.
 
Answer Stats
Airport % Correct
Tokyo
100%
Auckland
95%
Melbourne
95%
Sydney
95%
Brisbane
91%
Hong Kong
91%
Los Angeles
91%
Shanghai
91%
Singapore
91%
Taipei
91%
Adelaide
86%
Cairns
86%
Hobart
86%
Honolulu
86%
Houston
86%
New York
86%
Perth
86%
Vancouver
86%
San Francisco
82%
Wellington
82%
Christchurch
77%
Denpasar
77%
Gold Coast
77%
Apia
73%
Queenstown
68%
Dunedin
64%
Nadi
64%
Nuku'Alofa
64%
Sunshine Coast
64%
Noumea
59%
Alofi
50%
Hamilton
50%
Invercargill
50%
Nelson
50%
Rotorua
50%
Whangarei
50%
Napier
45%
New Plymouth
45%
Palmerston North
45%
Rarotonga
45%
Tahiti
45%
Taupo
45%
Tauranga
45%
Blenheim
41%
Timaru
41%
Gisborne
36%
Kerikeri
36%
Hokitika
32%
No matching quizzes found
Score Distribution
Percent of People with Each Score
Percentile by Number Answered
Your Score History
You have not taken this quiz